sci fi movies 2000-2027 - Statistics

General Stats
  • This quiz has been taken 20 times
  • The average score is 51 of 129
Answer Stats
Hint Answer % Correct
(2008) Iron Man
88%
(2012) The Avengers
88%
(2015) Avengers Age Of Ultron
75%
(2019) Avengers Endgame
75%
(2018) Avengers Infinity War
75%
(2011) Captain America The First Avenger
75%
(2016) Deadpool
75%
(2002) Spider-Man
75%
(2021) Spider-Man No Way Home
75%
(2007) Transformers
75%
(2000) X-Men
75%
(2024) Alien Romulus
63%
(2009) Avatar
63%
(2015) Captain America Civil War
63%
(2014) Captain America The Winter Soldier
63%
(2018) Deadpool 2
63%
(2024) Deadpool & Wolverine
63%
(2014) Guardians Of The Galaxy
63%
(2017) Guardians Of The Galaxy Vol 2
63%
(2023) Guardians Of The Galaxy Vol 3
63%
(2014) Interstellar
63%
(2010) Iron Man 2
63%
(2013) Iron Man 3
63%
(2015) Jurassic World
63%
(2017) Logan
63%
(2012) Prometheus
63%
(2018) Ready Player One
63%
(2004) Spider-Man 2
63%
(2007) Spider-Man 3
63%
(2017) Spider-Man Homecoming
63%
(2025) Superman
63%
(2025) The Fantastic Four First Steps
63%
(2015) The Martian
63%
(2014) X-Men Days Of Future Past
63%
(2011) X-Men First Class
63%
(2015) Ant-Man
50%
(2015) Arrival
50%
(2026) Avengers Doomsday
50%
(2018) Black Panther
50%
(2014) Godzilla
50%
(2013) Man Of Steel
50%
(2009) Star Trek
50%
(2002) Star Wars Attack Of The Clones
50%
(2005) Star Wars Revenge Of The Sith
50%
(2015) Star Wars The Force Awakens
50%
(2017) Star Wars The Last Jedi
50%
(2026) Supergirl
50%
(2003) The Matrix Reloaded
50%
(2021) The Suicide Squad
50%
(2014) Transformers Age Of Extinction
50%
(2011) Transformers Dark Of The Moon
50%
(2009) Transformers Revenge Of The Fallen
50%
(2010) Tron Legacy
50%
(2008) WALL-E
50%
(2003) X2
50%
(2006) X-Men The Last Stand
50%
(2022) Avatar The Way Of Water
38%
(2027) Avengers Secret Wars
38%
(2017) Blade Runner 2049
38%
(2018) Bumblebee
38%
(2021) Dune
38%
(2024) Dune Part Two
38%
(2014) Edge Of Tomorrow
38%
(2015) Ex Machina
38%
(2023) Godzilla Minus One
38%
(2010) Inception
38%
(2022) Jurassic World Dominion
38%
(2025) Jurassic World Rebirth
38%
(2017) Kong Skull Island
38%
(2002) Men In Black 2
38%
(2012) Men In Black 3
38%
(2013) Pacific Rim
38%
(2010) Predators
38%
(2011) Rise Of The Planet Of The Apes
38%
(2016) Rogue One A Star Wars Story
38%
(2013) Star Trek Into Darkness
38%
(2019) Star Wars The Rise Of Skywalker
38%
(2020) Tenet
38%
(2012) The Hunger Games
38%
(2013) The Hunger Games Catching Fire
38%
(2014) The Hunger Games Mockingjay Part 1
38%
(2015) The Hunger Games Mockingjay Part 2
38%
(2009) 2012
25%
(2002) 28 Days Later
25%
(2025) 28 Years Later
25%
(2025) Avatar Fire & Ash
25%
(2022) Black Panther Wakanda Forever
25%
(2009) District 9
25%
(2021) Godzilla Vs Kong
25%
(2013) Her
25%
(2014) Lucy
25%
(2015) Mad Max Fury Road
25%
(2013) Oblivion
25%
(2025) Predator Badlands
25%
(2018) Spider-Man Into The Spider-Verse
25%
(2004) The Day After Tomorrow
25%
(2008) The Incredible Hulk
25%
(2024) The Wild Robot
25%
(2017) Thor Ragnarok
25%
(2005) War Of The Worlds
25%
(2007) 28 Weeks Later
13%
(2014) Dawn Of The Planet Of The Apes
13%
(2026) Dune Messiah
13%
(2019) Godzilla King Of The Monsters
13%
(2027) Godzilla x Kong Supernova
13%
(2024) Godzilla x Kong The New Empire
13%
(2007) I Am Legend
13%
(2001) Jurassic Park 3
13%
(2018) Jurassic World Fallen Kingdom
13%
(2024) Kingdom Of The Planet Of The Apes
13%
(2025) Mickey 17
13%
(2022) Prey
13%
(2016) Shin Godzilla
13%
(2024) Sonic The Hedgehog 3
13%
(2027) Sonic The Hedgehog 4
13%
(2023) Spider-Man Across The Spider-Verse
13%
(2027) Superman Man Of Tomorrow
13%
(2026) The Mandalorian And Grogu
13%
(2018) A Quiet Place
0%
(2006) Children Of Men
0%
(2001) Donnie Darko
0%
(2012) Dredd
0%
(2004) Eternal Sunshine Of The Spotless Mind
0%
(2022) Everything Everywhere All At Once
0%
(2002) Minority Report
0%
(2025) Primitive War
0%
(2013) Snowpiercer
0%
(2027) Star Wars Starfighter
0%
(2017) War For The Planet Of The Apes
0%
No matching quizzes found
Score Distribution
Percent of People with Each Score
Percentile by Number Answered
Your Score History
You have not taken this quiz